00468nam a2200169Ia 450000500170000000800410001702000180005804000190007604100120009508200150010724500590012226000450018130000110022665000300023770000210026785000100028820230321102040.0131103s9999 xx 000 0 und d a0-340-08344-1 aLoreto College aEnglish a822.8bWIL 4aThe importance of being earnestcEdited by W S Bunnell aLondonbuniversity of London Pressc1958 a116p.  aEnglish drama - Crilicism aBunnell, W S ed. aLCLIB